000 00671nam a2200289Ia 4500
005 20260324143942.0
008 008 260324s9999 xx 000 0 eng d
020 _a9781315732770
037 _aEBOOK
040 _aCRL
040 _beng
040 _cCRL
041 _2eng
041 _aeng
084 _qCRL
100 _aS. Daniel Breslauer
_91217526
245 0 _aMartin Buber on Myth (RLE Myth)
245 3 _bAn Introduction
260 _bTaylor and Francis
260 _c1990
365 _a
365 _b180
856 _uhttp://www.taylorfrancis.com/books/9781315732770
942 _cEBOOK
999 _c1823557
_d1823557